| 000 -LEADER |
| fixed length control field |
01225pab a2200169 454500 |
| 008 - FIXED-LENGTH DATA ELEMENTS--GENERAL INFORMATION |
| fixed length control field |
180718b2011 xxu||||| |||| 00| 0 eng d |
| 100 ## - MAIN ENTRY--PERSONAL NAME |
| Personal name |
Nelson, Erica Lee |
| 245 ## - TITLE STATEMENT |
| Title |
Conflict of interest and parliament (Notes) |
| 260 ## - PUBLICATION, DISTRIBUTION, ETC. |
| Date of publication, distribution, etc. |
2011 |
| 300 ## - PHYSICAL DESCRIPTION |
| Extent |
p.68-73. |
| 362 ## - DATES OF PUBLICATION AND/OR SEQUENTIAL DESIGNATION |
| Dates of publication and/or sequential designation |
7 May |
| 520 ## - SUMMARY, ETC. |
| Summary, etc. |
The Indian Constitution and many of India's laws, rules and customs address conflict of interest among parliamentarians, but it is clear that many are either not used, are underused, or are sidestepped by various means. Law-making bodies in other countries offer examples of how they can be made to work - such as the informal, behind-the-scenes work of the ethics commissioner in Canada and the explicit and vast list of prohibitions in the United States. While India can, and should, develop a system that will best suit its unique needs, it is clear that a more enforceable, practical system for dealing with conflict of interest is needed. Public disclosure of interests - including investments, employment and business ties - for members of both houses would be a constructive and trust-building first step. - Reproduced. |
| 650 ## - SUBJECT ADDED ENTRY--TOPICAL TERM |
| Topical term or geographic name entry element |
Parliament |
| 773 ## - HOST ITEM ENTRY |
| Main entry heading |
Economic and Political Weekly |
| 908 ## - PUT COMMAND PARAMETER (RLIN) |
| Put command parameter |
N |
| 909 ## - |
| -- |
91460 |